000 00781cam a22002533a 4500
001 8501
003 PGUSA
005 20140828083201.0
008 050701s2005||||xxu|||||s|||||000 | eng d
040 _aPGUSA
_beng
042 _adc
050 4 _aTX
100 1 _aRorer, Sarah Tyson Heston,
_d1849-1937
245 1 0 _aIce Creams, Water Ices, Frozen Puddings Together with Refreshments for all Social Affairs
_h[electronic resource] /
_cSarah Tyson Heston Rorer
260 _bProject Gutenberg,
_c2005
506 _aPublic domain in the USA.
516 _aElectronic text
653 _aIce cream, ices, etc.
653 _aFrozen desserts
653 _aCooking, American
830 0 _aProject Gutenberg
_v8501
856 4 0 _uhttp://www.gutenberg.org/ebooks/8501
942 _cEB
999 _c237801
_d237801